000 00625nam a22002171 4500
001 130116
003 ES-MaACL
005 20230906193638.0
007 t|
008 070718q19001930ag ||||0| spa d
016 7 _zIND9900850009
040 _aM-BN
_bspa
_cCDM
100 1 _aSolf, Guillermo.
_9107207
245 1 3 _aLa política colonial alemana /
_cGuillermo Solf.
260 _aBuenos Aires :
_bUnión de Libreros Alemanes,
_c[19--?]
300 _a45 p. ;
_c18 cm.
490 1 _aLo que es Alemania ;
_v4
830 0 _aLo que es Alemania ;
_v4
_9182612
852 _aES-MaACL
_j1605-F-5
999 _c130116
_d130116